Archipastyr skytalʹciv Archijepyskop Ivan Bučko

Titel: Archipastyr skytalʹciv Archijepyskop Ivan Bučko = Archpastor of exiled Ukrainians Archbishop Ivan Buchko / Myroslav Marusyn
Verfasser:
Beteiligt:
Veröffentlicht: Lʹviv : Opilla, 2008
Umfang: 359 Seiten. : Illustrationen ; 24 cm
Format: Buch
Sprache: Ukrainisch
Schriftenreihe/
mehrbändiges Werk:
Serija "Skarbnycja Opilla: Postati"
Schlagworte:
ISBN: 9789660247956 ; 9660247958
Buchumschlag
X
Lokale Klassifikation: 42 11 H ; 2 B 2321
alg: 22630856
001A    $03004:24-08-10 
001B    $01999:02-06-25 $t10:02:49.000 
001D    $03004:24-08-10 
001U    $0utf8 
001X    $00 
002@    $0Aau 
002C    $aText $btxt $2rdacontent 
002D    $aohne Hilfsmittel zu benutzen $bn $2rdamedia 
002E    $aBand $bnc $2rdacarrier 
003@    $0226308561 
003O    $0645068670 $aOCoLC 
004A    $A978-966-02-4795-6 
004A    $0966-02-4795-8 
007A    $0BV035555827 $aBVB 
007G    $0DE02048C6D939831A9499C12578BF003FD2BE 
007T    $0Herdhh226308561 
009P    $qapplication/pdf $A2 $3Inhaltsverzeichnis $uhttp://scans.hebis.de/HEBCGI/show.pl?22630856_toc.pdf $mV:DE-603;B:DE-Mb50 
010@    $aukr 
011@    $a2008 $n2008 
013D    $RBiograf $RLebenslauf $RBiografik $#Biographies $#Biography $#Biographies -- Histoire et critique $#Biographie $#Biographisches Nachschlagewerk $#Lebensbeschreibung $#Berühmte Persönlichkeit Biografie $#Biografisches Nachschlagewerk $74006804-3 $8Biografie [Ts1] $9085010375 
021A    $aArchipastyr skytalʹciv Archijepyskop Ivan Bučko $fArchpastor of exiled Ukrainians Archbishop Ivan Buchko $hMyroslav Marusyn 
027A    $aArchpastor of exiled Ukrainians Archbishop Ivan Buchko 
028A    $BVerfasser $#Marusin, Miroslav $#Marusyn, M. A. $#Marusyn, M. $#Marusyn, Miroslaus $#Marusyn, Miroslav Stephan $#Marusyn, Mirosław $#Marusyn, Myroslav Stepan $#Myroslav  $4aut $7138370206 $8Marusyn, Myroslav$Z1924-2009 [Tp1] $9212924648 
028C    $#Buchko, Ivan $#Buczko, Iwan $#Ivan $7138370451 $8Bučko, Ivan$Z1891-1974 [Tp1] $9212925164 
033A    $pLʹviv $nOpilla 
034D    $a359 Seiten. 
034I    $a24 cm 
034M    $aIllustrationen 
036G    $aSerija "Skarbnycja Opilla: Postati" 
037A    $aIncludes selected pastoral letters written by Archbishop Ivan Buchko (p. 209-333) 
044K    $qBVB $#Buchko, Ivan $#Buczko, Iwan $#Ivan $7138370451 $8Bučko, Ivan$Z1891-1974 [Tp1] $9212925164 
045F    $a200.9477 $eDDC23BSB 
045F/01 $a200.9 
045F/03 $g477 
045F/03 $g438 
046L    $aIn kyrillischer Schrift, ukrainisch. - Zusammenfassung in englischer Sprache 

lok: 22630856 24
101B    $031-08-10 $t09:10:54.000 
101C    $024-08-10 
101U    $0utf8 
145Z/01 $a42 11 H 
145Z/02 $a2 B 2321 

exp: 22630856 24 1 #EPN
201B/01 $024-08-10 $t12:53:58.000 
201C/01 $024-08-10 
201U/01 $0utf8 
203@/01 $0597862338 
208@/01 $a24-08-10 $bz 
209A/01 $a10.4279 $du $f050 $h10 4279 $x00 
209C/01 $a10.4279 K $h10 4279 K 
209G/01 $a72074599 $x00 
220C/01 $ajwa 
244Z/01 $#Buchko, Ivan $#Buczko, Iwan $#Ivan $7138370451 $8--Tp1--Bučko, Ivan$Z1891-1974 $x01 $9212925164 
247C/01 $8358050-7 Marburg, Bibliothek des Herder-Instituts Marburg $9102600961 

lok: 22630856 78

exp: 22630856 78 1 #EPN
201B/01 $019-04-17 $t21:52:30.000 
201U/01 $0utf8 
203@/01 $0794532292 
208@/01 $a12-11-16 $be 
209A/01 $a/ $f000 $x00 
237A/01 $aweiterführende Signatur(en): Herder-Institut: 10.4279 
244Z/01 $2Trx $#Poola $#Lenkija $#Polija $#Polen Land $#Poland $#Lengyelország $#Poľsko $#Polsko $8--Trx--Polska$gkraj $x01 $9391345966 
244Z/01 $2Trx $8--Trx--Monographie $x02 $9391384546 
245Z/01 $a10.02.02.03 $x01 
247C/01 $82080>Marburg/Lahn, Herder-Institut, Forschungsbibliothek, Bibliographieportal $9336309341
LEADER 00000cam a2200000 c 4500
001 226308561
003 DE-603
005 20250602100249.0
007 tu
008 100824s2008 xx |||| | u00||u|ukr c
020 |a 9789660247956 
020 |a 9660247958 
035 |a (DE-599)BVBBV035555827 
035 |a (OCoLC)645068670 
040 |a DE-603  |b ger  |c DE-603  |d DE-603 
041 |a ukr 
082 0 4 |8 1\u  |a 200.9477  |q DE-101  |2 23/BSB 
085 |8 1\u  |b 200.9 
085 |8 1\u  |z 2  |s 477 
085 |8 1\u  |z 2  |s 438 
100 1 |a Marusyn, Myroslav  |d 1924-2009  |e Verfasser  |4 aut  |0 (DE-603)212924648  |0 (DE-588)138370206  |2 gnd 
245 0 0 |a Archipastyr skytalʹciv Archijepyskop Ivan Bučko  |b = Archpastor of exiled Ukrainians Archbishop Ivan Buchko  |c Myroslav Marusyn 
246 1 3 |a Archpastor of exiled Ukrainians Archbishop Ivan Buchko 
264 1 |a Lʹviv  |b Opilla  |c 2008 
300 |a 359 Seiten.  |b Illustrationen  |c 24 cm 
336 |a Text  |b txt  |2 rdacontent 
337 |a ohne Hilfsmittel zu benutzen  |b n  |2 rdamedia 
338 |a Band  |b nc  |2 rdacarrier 
490 0 |a Serija "Skarbnycja Opilla: Postati" 
500 |a Includes selected pastoral letters written by Archbishop Ivan Buchko (p. 209-333) 
546 |a In kyrillischer Schrift, ukrainisch. - Zusammenfassung in englischer Sprache 
600 1 7 |a Bučko, Ivan  |d 1891-1974  |0 (DE-588)138370451  |0 (DE-603)212925164  |2 gnd 
655 7 |a Biografie  |2 gnd-content  |0 (DE-588)4006804-3  |0 (DE-603)085010375 
700 1 |a Bučko, Ivan  |d 1891-1974  |0 (DE-603)212925164  |0 (DE-588)138370451  |2 gnd 
856 4 2 |m V:DE-603;B:DE-Mb50  |q application/pdf  |u http://scans.hebis.de/HEBCGI/show.pl?22630856_toc.pdf  |3 Inhaltsverzeichnis 
924 0 |9 Mb 50  |a (DE-603)597862338  |b DE-Mb50  |c HES  |d c  |g 10.4279 
924 0 |9 2080  |a (DE-603)794532292  |b DE-2080  |c HES  |d d  |g /